000 01162nam0a22002531 4500
001 rc\2815546
005 20250806211103.0
035 _a(NLR Aleph) 006941297
090 _a38846
_c38846
100 _a20110915d1945 u y0rusy50 ca
101 0 _arus
102 _aRU
105 _aa z |||||
200 1 _aПамятка водителю мотоцикла БСА модели WM-20-500 см^3
_eМатериальная часть, эксплоатация, уход и регулировка
_fУпр. командующего бронетанк. и механизир. войсками Красной Армии
210 _aМосква
_cВоен. изд-во
_d1945
_eЛенинград
_g2-я тип. им. Ворошилова
215 _a88 с.
_cил., черт.
_d16 см.
712 0 1 _aСССР
_bУправление командующего бронетанк. и механизир. войсками Красной Армии
801 0 _aRU
_bNLR
_gpsbo
801 1 _aRU
_bELAR
_2rusmarc
852 _aNLR
_jТ86 Г-2/238
942 _cBOOK
945 _aРоссийская национальная библиотека
980 _aNB
980 _aBV